00496nam a2200157Ia 4500008004100000020001800041041000800059082001100067100001300078245003400091250001100125260006100136650001400197999002100211952010600232260624s2022 xx 000 0 und d a9781451193572 aeng a616.07 aMedeiros aLoachims Lymph Node Pathology a5th ed bWolters Kluwer /Lippinocott Williams & Wilkins2022c2022 aPathology c1222990d1222990 00104070aMCPbMCPd2025-07-03g22801.00l0o616.07pMCP-22403r2026-06-25 00:00:00w2026-06-25yBK